2703-北大阪急行電鉄の駅 - Statistics

General Stats
  • This quiz has been taken 282 times
    211 since last reset
  • The average score is 5 of 6
Answer Stats
本線 % Correct
千里中央
98%
江坂
95%
箕面萱野
93%
桃山台
83%
箕面船場阪大前
78%
緑地公園
78%
No matching quizzes found
Score Distribution
Percent of People with Each Score
Percentile by Number Answered
Your Score History
You have not taken this quiz since the last reset